[Event "Stay Safe Play From Home 341"]
[Site "Emanuel Lasker Arena"]
[Date "2020.07.29"]
[Round "2"]
[White "Lazieri3"]
[Black "Padmaesh M K"]
[Result "1-0"]
[WhiteElo "2124"]
[BlackElo "1773"]
[Annotator "RC"]
[PlyCount "115"]
[EventDate "2020.07.29"]
[EventType "swiss (blitz)"]

1. e4 {[%emt 0:00:03]} c5 {[%emt 0:00:01]} 2. Nc3 {[%emt 0:00:00]} d6 {[%emt 0:00:01]} 3. d3 {[%emt 0:00:00]} e5 {[%emt 0:00:01]} 4. Nf3 {[%emt 0:00:00]} Nc6 {[%emt 0:00:01]} 5. Bg5 {[%emt 0:00:02]} Be7 {[%emt 0:00:02]} 6. Bxe7 {[%emt 0:00:01]} Ngxe7 {[%emt 0:00:01]} 7. g3 {[%emt 0:00:00]} O-O {[%emt 0:00:01]} 8. Bg2 {[%emt 0:00:00]} f5 {[%emt 0:00:00]} 9. O-O {[%emt 0:00:00]} fxe4 {[%emt 0:00:01]} 10. dxe4 {[%emt 0:00:00]} Bg4 {[%emt 0:00:01]} 11. h3 {[%emt 0:00:02]} Bh5 {[%emt 0:00:02]} 12. g4 {[%emt 0:00:01]} Bg6 {[%emt 0:00:01]} 13. Re1 {[%emt 0:00:01]} Nd4 {[%emt 0:00:02]} 14. Nxd4 {[%emt 0:00:01]} cxd4 {[%emt 0:00:00]} 15. Nd5 {[%emt 0:00:01]} Nxd5 {[%emt 0:00:02]} 16. exd5 {[%emt 0:00:00]} Qb6 {[%emt 0:00:01]} 17. c4 {[%emt 0:00:02]} dxc3 {[%emt 0:00:02]} 18. bxc3 {[%emt 0:00:01]} Rxf2 {[%emt 0:00:01]} 19. Kh1 {[%emt 0:00:03]} Raf8 {[%emt 0:00:02]} 20. Qb3 {[%emt 0:00:04]} Qa6 {[%emt 0:00:11]} 21. c4 {[%emt 0:00:05]} Qa5 {[%emt 0:00:03]} 22. Rf1 {[%emt 0:00:01]} Qd2 {[%emt 0:00:03]} 23. Rxf2 {[%emt 0:00:02]} Rxf2 {[%emt 0:00:03]} 24. Qg3 {[%emt 0:00:05]} Qb2 {[%emt 0:00:02]} 25. Rf1 {[%emt 0:00:05]} Rxf1+ {[%emt 0:00:02]} 26. Bxf1 {[%emt 0:00:00]} Be4+ {[%emt 0:00:01]} 27. Bg2 {[%emt 0:00:02]} Qb1+ {[%emt 0:00:01]} 28. Kh2 {[%emt 0:00:01]} Qxa2 {[%emt 0:00:00]} 29. g5 {[%emt 0:00:02]} Qxg2+ {[%emt 0:00:00]} 30. Qxg2 {[%emt 0:00:01]} Bxg2 {[%emt 0:00:00]} 31. Kxg2 {[%emt 0:00:00]} a5 {[%emt 0:00:00]} 32. Kf3 {[%emt 0:00:01]} a4 {[%emt 0:00:00]} 33. c5 {[%emt 0:00:00]} a3 {[%emt 0:00:00]} 34. c6 {[%emt 0:00:00]} bxc6 {[%emt 0:00:01]} 35. dxc6 {[%emt 0:00:00]} a2 {[%emt 0:00:00]} 36. c7 {[%emt 0:00:00]} a1=Q {[%emt 0:00:01]} 37. c8=Q+ {[%emt 0:00:00]} Kf7 {[%emt 0:00:00]} 38. Qf5+ {[%emt 0:00:01]} Ke7 {[%emt 0:00:01]} 39. Kg3 {[%emt 0:00:02]} Qg1+ {[%emt 0:00:01]} 40. Kh4 {[%emt 0:00:01]} Qe1+ {[%emt 0:00:00]} 41. Kg4 {[%emt 0:00:01]} g6 {[%emt 0:00:01]} 42. Qf6+ {[%emt 0:00:01]} Kd7 {[%emt 0:00:00]} 43. Qf7+ {[%emt 0:00:00]} Kc6 {[%emt 0:00:00]} 44. Qc4+ {[%emt 0:00:00]} Kd7 {[%emt 0:00:01]} 45. Qb5+ {[%emt 0:00:01]} Ke6 {[%emt 0:00:01]} 46. Qb3+ {[%emt 0:00:00]} d5 {[%emt 0:00:00]} 47. Qb6+ {[%emt 0:00:00]} Ke7 {[%emt 0:00:00]} 48. Qa7+ {[%emt 0:00:01]} Ke6 {[%emt 0:00:00]} 49. Qb6+ {[%emt 0:00:00]} Kd7 {[%emt 0:00:00]} 50. Qb7+ {[%emt 0:00:01]} Kd6 {[%emt 0:00:00]} 51. Qb6+ {[%emt 0:00:01]} Kd7 {[%emt 0:00:01]} 52. Qb5+ {[%emt 0:00:01]} Ke6 {[%emt 0:00:00]} 53. Qb4 {[%emt 0:00:00]} Kf7 {[%emt 0:00:02]} 54. Qxe1 {[%emt 0:00:00]} Ke6 {[%emt 0:00:00]} 55. Qf2 {[%emt 0:00:00]} d4 {[%emt 0:00:00]} 56. Qf6+ {[%emt 0:00:00]} Kd5 {[%emt 0:00:00]} 57. Qf7+ {[%emt 0:00:00]} Ke4 {[%emt 0:00:01]} 58. Qxh7 {[%emt 0:00:00] Time (Lag: Av=0.66s, max=1.0s)} 1-0

[Event "Stay Safe Play From Home 341"]
[Site "Emanuel Lasker Arena"]
[Date "2020.07.29"]
[Round "2"]
[White "M100"]
[Black "Justwatch"]
[Result "0-1"]
[WhiteElo "1823"]
[BlackElo "1681"]
[Annotator "NA"]
[PlyCount "118"]
[EventDate "2020.07.29"]
[EventType "swiss (blitz)"]

1. g3 {[%emt 0:00:03]} Nf6 {[%emt 0:00:00]} 2. Bg2 {[%emt 0:00:01]} g6 {[%emt 0:00:00]} 3. d3 {[%emt 0:00:00]} Bg7 {[%emt 0:00:01]} 4. Nc3 {[%emt 0:00:01]} O-O {[%emt 0:00:00]} 5. e4 {[%emt 0:00:01]} d6 {[%emt 0:00:00]} 6. Be3 {[%emt 0:00:01]} Nc6 {[%emt 0:00:00]} 7. h3 {[%emt 0:00:01]} Bg4 {[%emt 0:00:00]} 8. Qd2 {[%emt 0:00:01]} a6 {[%emt 0:00:01]} 9. f3 {[%emt 0:00:01]} Bd7 {[%emt 0:00:01]} 10. Bh6 {[%emt 0:00:01]} Ne5 {[%emt 0:00:01]} 11. Bxg7 {[%emt 0:00:01]} Kxg7 {[%emt 0:00:00]} 12. h4 {[%emt 0:00:00]} h5 {[%emt 0:00:02]} 13. Nge2 {[%emt 0:00:02]} Rh8 {[%emt 0:00:01]} 14. Nf4 {[%emt 0:00:01]} b5 {[%emt 0:00:02]} 15. b3 {[%emt 0:00:01]} c5 {[%emt 0:00:01]} 16. Ncd5 {[%emt 0:00:01]} Nxd5 {[%emt 0:00:02]} 17. Nxd5 {[%emt 0:00:01]} e6 {[%emt 0:00:00]} 18. Ne3 {[%emt 0:00:01]} Nc6 {[%emt 0:00:01]} 19. f4 {[%emt 0:00:01]} Nd4 {[%emt 0:00:01]} 20. O-O {[%emt 0:00:01]} Bc6 {[%emt 0:00:01]} 21. f5 {[%emt 0:00:01]} exf5 {[%emt 0:00:01]} 22. exf5 {[%emt 0:00:01]} Nxf5 {[%emt 0:00:01]} 23. Bxc6 {[%emt 0:00:02]} Nxg3 {[%emt 0:00:03]} 24. Qf2 {[%emt 0:00:03]} Qxh4 {[%emt 0:00:02]} 25. Qxf7+ {[%emt 0:00:02]} Kh6 {[%emt 0:00:01]} 26. Qf4+ {[%emt 0:00:01]} Qxf4 {[%emt 0:00:01]} 27. Rxf4 {[%emt 0:00:01]} Ne2+ {[%emt 0:00:00]} 28. Kf2 {[%emt 0:00:03]} Nxf4 {[%emt 0:00:00]} 29. Bxa8 {[%emt 0:00:01]} Rxa8 {[%emt 0:00:02]} 30. Kf3 {[%emt 0:00:01]} g5 {[%emt 0:00:01]} 31. Ke4 {[%emt 0:00:01]} Re8+ {[%emt 0:00:03]} 32. Kf3 {[%emt 0:00:02]} Kg6 {[%emt 0:00:00]} 33. Re1 {[%emt 0:00:02]} h4 {[%emt 0:00:01]} 34. Kf2 {[%emt 0:00:01]} Nh3+ {[%emt 0:00:02]} 35. Kg2 {[%emt 0:00:01]} Nf4+ {[%emt 0:00:01]} 36. Kh2 {[%emt 0:00:01]} d5 {[%emt 0:00:00]} 37. Ng4 {[%emt 0:00:01]} Rxe1 {[%emt 0:00:02]} 38. Nf2 {[%emt 0:00:01]} Re2 {[%emt 0:00:01]} 39. Kg1 {[%emt 0:00:02]} Rxc2 {[%emt 0:00:00]} 40. Nd1 {[%emt 0:00:01]} Rxa2 {[%emt 0:00:00]} 41. Ne3 {[%emt 0:00:00]} Ra3 {[%emt 0:00:01]} 42. Nxd5 {[%emt 0:00:01]} Nxd5 {[%emt 0:00:01]} 43. Kf2 {[%emt 0:00:01]} Rxb3 {[%emt 0:00:01]} 44. Kf3 {[%emt 0:00:01]} Rxd3+ {[%emt 0:00:01]} 45. Ke4 {[%emt 0:00:00]} Re3+ {[%emt 0:00:00]} 46. Kxd5 {[%emt 0:00:00]} Rf3 {[%emt 0:00:01]} 47. Kxc5 {[%emt 0:00:00]} h3 {[%emt 0:00:00]} 48. Kb4 {[%emt 0:00:00]} h2 {[%emt 0:00:00]} 49. Ka5 {[%emt 0:00:00]} h1=Q {[%emt 0:00:00]} 50. Kxa6 {[%emt 0:00:00]} Rf5 {[%emt 0:00:01]} 51. Kb6 {[%emt 0:00:01]} b4 {[%emt 0:00:00]} 52. Kc7 {[%emt 0:00:01]} b3 {[%emt 0:00:00]} 53. Kd7 {[%emt 0:00:00]} b2 {[%emt 0:00:00]} 54. Ke7 {[%emt 0:00:00]} b1=Q {[%emt 0:00:00]} 55. Ke6 {[%emt 0:00:00]} Qbe4+ {[%emt 0:00:01]} 56. Kd6 {[%emt 0:00:00]} Qd1+ {[%emt 0:00:01]} 57. Kc7 {[%emt 0:00:01]} Qec2+ {[%emt 0:00:00]} 58. Kb6 {[%emt 0:00:00]} Rb5+ {[%emt 0:00:01]} 59. Ka6 {[%emt 0:00:01]} Qa1+ {[%emt 0:00:01] TimeW} 0-1

[Event "Stay Safe Play From Home 341"]
[Site "Emanuel Lasker Arena"]
[Date "2020.07.29"]
[Round "2"]
[White "Haris kollari 13"]
[Black "Knightofficer"]
[Result "0-1"]
[WhiteElo "1661"]
[BlackElo "2235"]
[Annotator "NA"]
[PlyCount "94"]
[EventDate "2020.07.29"]
[EventType "swiss (blitz)"]

1. e3 {[%emt 0:00:01]} e6 {[%emt 0:00:01]} 2. e4 {[%emt 0:00:01]} Nf6 {[%emt 0:00:00]} 3. e5 {[%emt 0:00:01]} Nd5 {[%emt 0:00:01]} 4. c4 {[%emt 0:00:01]} Nb6 {[%emt 0:00:01]} 5. d4 {[%emt 0:00:01]} d6 {[%emt 0:00:01]} 6. f4 {[%emt 0:00:01]} c5 {[%emt 0:00:01]} 7. dxc5 {[%emt 0:00:03]} dxc5 {[%emt 0:00:01]} 8. Qxd8+ {[%emt 0:00:03]} Kxd8 {[%emt 0:00:00]} 9. Nf3 {[%emt 0:00:01]} Nc6 {[%emt 0:00:00]} 10. Nc3 {[%emt 0:00:01]} Nd4 {[%emt 0:00:01]} 11. Bd3 {[%emt 0:00:03]} Nxf3+ {[%emt 0:00:02]} 12. gxf3 {[%emt 0:00:01]} Bd7 {[%emt 0:00:00]} 13. Be3 {[%emt 0:00:01]} Kc7 {[%emt 0:00:02]} 14. O-O-O {[%emt 0:00:01]} Bc6 {[%emt 0:00:01]} 15. Be4 {[%emt 0:00:01]} Be7 {[%emt 0:00:02]} 16. Bxc6 {[%emt 0:00:02]} Kxc6 {[%emt 0:00:00]} 17. Ne4 {[%emt 0:00:01]} Rhd8 {[%emt 0:00:03]} 18. b3 {[%emt 0:00:01]} h6 {[%emt 0:00:01]} 19. h3 {[%emt 0:00:02]} Rxd1+ {[%emt 0:00:03]} 20. Rxd1 {[%emt 0:00:01]} Nd7 {[%emt 0:00:03]} 21. Kc2 {[%emt 0:00:02]} b6 {[%emt 0:00:01]} 22. a3 {[%emt 0:00:01]} Nf8 {[%emt 0:00:00]} 23. Kc3 {[%emt 0:00:01]} Rd8 {[%emt 0:00:00]} 24. Rxd8 {[%emt 0:00:02]} Bxd8 {[%emt 0:00:00]} 25. Nd6 {[%emt 0:00:01]} f6 {[%emt 0:00:04]} 26. Nf7 {[%emt 0:00:01]} Be7 {[%emt 0:00:02]} 27. h4 {[%emt 0:00:02]} Nd7 {[%emt 0:00:02]} 28. h5 {[%emt 0:00:02]} f5 {[%emt 0:00:03]} 29. Bd2 {[%emt 0:00:03]} Nb8 {[%emt 0:00:01]} 30. Be1 {[%emt 0:00:01]} Kd7 {[%emt 0:00:00]} 31. b4 {[%emt 0:00:02]} Ke8 {[%emt 0:00:02]} 32. Nd6+ {[%emt 0:00:03]} Bxd6 {[%emt 0:00:01]} 33. exd6 {[%emt 0:00:00]} Kd7 {[%emt 0:00:01]} 34. bxc5 {[%emt 0:00:00]} bxc5 {[%emt 0:00:00]} 35. Bf2 {[%emt 0:00:02]} Kxd6 {[%emt 0:00:01]} 36. a4 {[%emt 0:00:01]} Kc6 {[%emt 0:00:01]} 37. a5 {[%emt 0:00:01]} Nd7 {[%emt 0:00:01]} 38. Kd3 {[%emt 0:00:01]} Nb8 {[%emt 0:00:00]} 39. Kc3 {[%emt 0:00:01]} Na6 {[%emt 0:00:01]} 40. Kd3 {[%emt 0:00:01]} Nb4+ {[%emt 0:00:00]} 41. Kc3 {[%emt 0:00:01]} Kd6 {[%emt 0:00:00]} 42. Kb3 {[%emt 0:00:01]} Nc6 {[%emt 0:00:00]} 43. Ka4 {[%emt 0:00:01]} Nd4 {[%emt 0:00:00]} 44. a6 {[%emt 0:00:02]} Kc6 {[%emt 0:00:03]} 45. Ka5 {[%emt 0:00:00]} Nxf3 {[%emt 0:00:01]} 46. Be3 {[%emt 0:00:00]} Nd4 {[%emt 0:00:01]} 47. Ka4 {[%emt 0:00:01]} Ne2 {[%emt 0:00:01] Time (Lag: Av=0.30s, max=1.0s)} 0-1

[Event "Stay Safe Play From Home 341"]
[Site "Emanuel Lasker Arena"]
[Date "2020.07.29"]
[Round "2"]
[White "Klasman"]
[Black "SoulofWolf"]
[Result "0-1"]
[WhiteElo "1297"]
[BlackElo "2037"]
[Annotator "TA"]
[PlyCount "70"]
[EventDate "2020.07.29"]
[EventType "swiss (blitz)"]

{[%evp 9,70,-15,34,-10,-3,-42,6,-52,-54,-66,-53,-58,-50,-116,-116,-112,-62,-85,-62,-87,-85,-151,-89,-102,-87,-106,-81,-87,-85,-102,-83,-122,-101,-190,-142,-197,-142,-180,-186,-186,-80,-82,-91,-100,-55,-83,-81,-90,-76,-81,-75,-149,-72,-125,-124,-135,-128,-220,-213,-272,-200,-201,459]} 1. f4 d6 2. Nf3 c5 3. e4 Nc6 4. Bb5 Bd7 5. d4 {[#]} e6 $146 (5... cxd4 {seems wilder.} 6. Bxc6 Bxc6 7. Qxd4 Qb6 8. Nc3 Nf6) ({Predecessor:} 5... cxd4 6. Nxd4 Qb6 7. Bxc6 Bxc6 8. Nxc6 Qxc6 9. Nc3 Nf6 10. Qf3 g6 11. Be3 Bg7 12. O-O O-O {0-1 (47) Senft,K (1503)-Blank,S (1752) Schweinfurt 2019}) 6. Bxc6 {B21: Sicilian: 2 f4 and Morra Gambit.} Bxc6 7. dxc5 dxc5 8. Qxd8+ (8. Qe2 $11) 8... Rxd8 $15 9. Nc3 Nf6 10. e5 Nd5 11. O-O (11. Nxd5 $15 Rxd5 12. c4) 11... Nxc3 $17 12. bxc3 Be7 13. Be3 O-O 14. Rad1 b6 15. Rd3 (15. c4 $142) 15... Bb5 (15... Be4 $142 16. Rxd8 Rxd8) 16. Rxd8 Rxd8 17. Re1 Bc4 18. a3 f6 19. exf6 gxf6 20. Nh4 Kf7 21. f5 (21. a4 $17) 21... e5 22. Nf3 (22. Kf2 $17) 22... Rg8 (22... Bd5 $19 23. Kf1 c4) 23. h3 Bd5 {aiming for ...Bxf3.} 24. Nh4 Rg3 (24... Be4 $19 {has better winning chances.} 25. Re2 Rd8) 25. Kf2 {[#]} Rg7 $1 26. g4 a6 27. Bh6 Rg8 28. Rd1 Bc6 29. c4 b5 30. cxb5 (30. Ng2 $142) 30... Bxb5 (30... axb5 $142 {And now ...Ra8 would win.} 31. Bc1 c4) 31. Rc1 ({White should play} 31. Nf3) 31... c4 32. Rb1 Rd8 33. a4 (33. Nf3 $17) 33... Bc5+ 34. Kf3 Bc6+ 35. Kg3 Bb5 $4 {[%mdl 40960] Accuracy: White = 40%, Black = 45%. . Loss on time!?} (35... Bxa4 $19 {and life is good for Black.} 36. g5 Bc6 37. g6+ Kg8) 0-1

[Event "Stay Safe Play From Home 341"]
[Site "Emanuel Lasker Arena"]
[Date "2020.07.29"]
[Round "3"]
[White "Knightofficer"]
[Black "Mepe_Nika"]
[Result "0-1"]
[WhiteElo "2237"]
[BlackElo "2417"]
[Annotator "TA"]
[PlyCount "118"]
[EventDate "2020.07.29"]
[EventType "swiss (blitz)"]

{[%evp 12,118,8,1,12,-3,-12,-13,0,0,0,-8,-12,-21,-21,0,-13,-14,-20,-31,-31,-43,-37,-53,-29,-76,-47,-83,-22,-54,-40,-77,-60,-135,-103,-104,-110,-106,-103,-103,-98,-122,-122,-206,-126,-292,-281,-349,-313,-322,-72,-76,-72,-75,0,0,43,49,50,4,13,0,0,0,0,0,0,4,6,6,165,164,227,212,183,101,90,8,8,8,8,0,0,0,0,0,65,8,69,-79,112,112,108,8,0,-8,8,0,0,0,0,-29991,0,0,0,-29990,-29991,-29992,-29987]} 1. e4 c6 2. Nc3 d5 3. Nf3 Bg4 4. h3 Bxf3 5. Qxf3 e6 6. d3 Nd7 7. g3 Bb4 {B11: Caro-Kann: Two Knights Variation.} 8. Bd2 d4 9. Nb1 {[%cal Bc3b1,Bb1d2,Bd2c4][%mdl 32]} Bxd2+ {The position is equal.} 10. Nxd2 Qb6 {[#]} 11. Nc4 $146 ({Predecessor:} 11. Rb1 Qc5 12. Qd1 a5 13. Bg2 h5 14. f4 h4 15. e5 hxg3 16. O-O Ne7 17. Ne4 {0-1 (45) Igriashvili,Z (2425)-Novitzkij,D (2328) Tula 2000}) 11... Qb4+ 12. Kd1 b5 $36 {[%mdl 2048] Black is pushing.} 13. a3 Qe7 14. Na5 Rc8 15. Bg2 Ngf6 16. Qe2 O-O 17. Ke1 c5 18. Kf1 e5 (18... Qd8 $5 {[%cal Rd8a5]} 19. Nb3 e5 $17) 19. Kg1 Ne8 (19... Qd8 $17 20. Qe1 c4) 20. Kh2 Nd6 21. f4 c4 22. f5 (22. a4 $15) 22... f6 23. b4 cxb3 24. cxb3 Rc3 25. Rhc1 Rfc8 26. Qd2 Nb6 27. Rxc3 (27. b4 $17 {might work better.}) 27... Rxc3 28. Rc1 $2 (28. b4 $17) 28... Qc7 $1 $19 29. Rxc3 dxc3 30. Qc1 Qc5 $2 (30... c2 $19 {And now ...Qc3 would win.} 31. Nc4 bxc4 32. dxc4 a5 33. Qxc2 Qc5) 31. b4 $17 Qc7 32. Nb3 g6 (32... Na4 $17) 33. Nc5 $11 gxf5 {aiming for ...Na4.} 34. Qxc3 fxe4 35. Bxe4 Nxe4 36. dxe4 Qd6 37. Qb3+ Kg7 38. Qe6 Qxe6 (38... Qd2+ {is interesting.} 39. Kh1 Qe1+ 40. Kg2 Qe2+ 41. Kg1 Qe1+) 39. Nxe6+ {[%mdl 4096] Endgame KN-KN} Kf7 40. Nc7 Nc4 $2 (40... a6 $1 $11) 41. Nxb5 $18 Nd2 (41... a6 $142 42. Nc7 Nxa3) 42. Nxa7 Nxe4 43. Nc6 (43. a4 $18) 43... Nc3 $16 44. b5 (44. Nd8+ $16 Ke7 45. Nb7) 44... Nxb5 $11 45. a4 $1 {[%cal Ra4b5]} Nc7 $1 46. a5 Ke6 47. Nb4 Kd6 48. Kg2 Na8 ({Black should try} 48... Kc5 $11 49. Nd3+ Kb5) 49. Nd3 (49. Kf3 $14) 49... Kd5 (49... Nc7 $11) 50. Kf3 (50. Nf2 $14 {stays ahead.}) 50... Kd4 $2 {[#]} (50... e4+ $17 51. Ke3 exd3 52. Kxd3 Nc7) 51. Nf2 $1 $16 {Black must now prevent g4.} f5 52. g4 ({White should play} 52. a6 $16) 52... e4+ $11 53. Kf4 fxg4 54. hxg4 e3 55. Nh3 Kd3 {Strongly threatening ...e2.} 56. Nf2+ $2 {[%mdl 8192] [#]} (56. Kf3 $11) 56... Kd2 $2 (56... exf2 {mates} 57. Ke5 f1=Q 58. Ke6 Qe1+ 59. Kd6 Qe8 60. Kc5 Qe7+ 61. Kd5 Nc7+ 62. Kc6 Kc4 63. Kb6 Ne6 64. g5 Qc7+ 65. Ka6 Nc5#) 57. Kf3 e2 58. Kg3 $2 {[%mdl 8192]} (58. Ne4+ $11 Kd3 59. Nf2+ Kd2 60. Ne4+ Kd3 61. Nf2+ Kd2) 58... e1=Q 59. Kg2 Kc3 {A wild game. Accuracy: White = 55%, Black = 63%.} 0-1

[Event "Stay Safe Play From Home 341"]
[Site "Emanuel Lasker Arena"]
[Date "2020.07.29"]
[Round "3"]
[White "Weltszmerc"]
[Black "Haris kollari 13"]
[Result "1-0"]
[WhiteElo "2205"]
[BlackElo "1659"]
[Annotator "NA"]
[PlyCount "95"]
[EventDate "2020.07.29"]
[EventType "swiss (blitz)"]

1. d4 {[%emt 0:00:01]} e6 {[%emt 0:00:00]} 2. c4 {[%emt 0:00:01]} d5 {[%emt 0:00:00]} 3. Nf3 {[%emt 0:00:00]} c6 {[%emt 0:00:00]} 4. g3 {[%emt 0:00:00]} f5 {[%emt 0:00:01]} 5. Bg2 {[%emt 0:00:00]} Nf6 {[%emt 0:00:00]} 6. O-O {[%emt 0:00:00]} Bd6 {[%emt 0:00:01]} 7. b3 {[%emt 0:00:00]} O-O {[%emt 0:00:01]} 8. Bb2 {[%emt 0:00:00]} Nbd7 {[%emt 0:00:01]} 9. Ne5 {[%emt 0:00:00]} h6 {[%emt 0:00:05]} 10. Nd2 {[%emt 0:00:02]} Re8 {[%emt 0:00:01]} 11. Nxd7 {[%emt 0:00:02]} Bxd7 {[%emt 0:00:01]} 12. f3 {[%emt 0:00:00]} Qc7 {[%emt 0:00:01]} 13. c5 {[%emt 0:00:01]} Be7 {[%emt 0:00:03]} 14. e4 {[%emt 0:00:00]} fxe4 {[%emt 0:00:02]} 15. fxe4 {[%emt 0:00:00]} Rf8 {[%emt 0:00:01]} 16. e5 {[%emt 0:00:05]} Nh7 {[%emt 0:00:01]} 17. Qh5 {[%emt 0:00:01]} Be8 {[%emt 0:00:05]} 18. Qh3 {[%emt 0:00:02]} Bg6 {[%emt 0:00:01]} 19. Qxe6+ {[%emt 0:00:03]} Bf7 {[%emt 0:00:01]} 20. Rxf7 {[%emt 0:00:02]} Rxf7 {[%emt 0:00:01]} 21. Rf1 {[%emt 0:00:01]} Raf8 {[%emt 0:00:00]} 22. Rxf7 {[%emt 0:00:06]} Rxf7 {[%emt 0:00:01]} 23. Bf3 {[%emt 0:00:00]} Ng5 {[%emt 0:00:03]} 24. Qg4 {[%emt 0:00:03]} Nxf3+ {[%emt 0:00:01]} 25. Nxf3 {[%emt 0:00:00]} Bf8 {[%emt 0:00:02]} 26. Kg2 {[%emt 0:00:01]} Qe7 {[%emt 0:00:02]} 27. Bc1 {[%emt 0:00:02]} Kh7 {[%emt 0:00:02]} 28. Bf4 {[%emt 0:00:01]} g5 {[%emt 0:00:01]} 29. Bxg5 {[%emt 0:00:02]} hxg5 {[%emt 0:00:02]} 30. Nxg5+ {[%emt 0:00:00]} Kg8 {[%emt 0:00:02]} 31. Ne4+ {[%emt 0:00:04]} Rg7 {[%emt 0:00:01]} 32. Nf6+ {[%emt 0:00:03]} Kf7 {[%emt 0:00:01]} 33. Qc8 {[%emt 0:00:02]} Rg6 {[%emt 0:00:02]} 34. h4 {[%emt 0:00:02]} Rxf6 {[%emt 0:00:01]} 35. exf6 {[%emt 0:00:00]} Qe2+ {[%emt 0:00:01]} 36. Kh3 {[%emt 0:00:01]} Qe6+ {[%emt 0:00:00]} 37. Qxe6+ {[%emt 0:00:02]} Kxe6 {[%emt 0:00:00]} 38. g4 {[%emt 0:00:00]} Kxf6 {[%emt 0:00:00]} 39. Kg3 {[%emt 0:00:01]} Kg6 {[%emt 0:00:01]} 40. Kf4 {[%emt 0:00:01]} Bd6+ {[%emt 0:00:01]} 41. Kf3 {[%emt 0:00:01]} Bc7 {[%emt 0:00:01]} 42. b4 {[%emt 0:00:01]} b6 {[%emt 0:00:00]} 43. a4 {[%emt 0:00:01]} a5 {[%emt 0:00:01]} 44. cxb6 {[%emt 0:00:02]} Bxb6 {[%emt 0:00:01]} 45. bxa5 {[%emt 0:00:00]} Bxa5 {[%emt 0:00:01]} 46. Kf4 {[%emt 0:00:00]} Bc3 {[%emt 0:00:00]} 47. Ke5 {[%emt 0:00:00]} Be1 {[%emt 0:00:02]} 48. g5 {[%emt 0:00:01] Time (Lag: Av=0.57s, max=1.0s)} 1-0

[Event "Stay Safe Play From Home 341"]
[Site "Emanuel Lasker Arena"]
[Date "2020.07.29"]
[Round "3"]
[White "Stefanone"]
[Black "Lazieri3"]
[Result "1-0"]
[WhiteElo "2040"]
[BlackElo "2128"]
[Annotator "TA"]
[PlyCount "111"]
[EventDate "2020.07.29"]
[EventType "swiss (blitz)"]

{[%evp 9,111,3,0,1,11,16,20,6,11,8,8,6,5,14,12,-18,0,-17,18,-2,-3,-7,0,1,33,-16,-25,-21,35,34,78,76,73,72,123,37,34,36,74,68,87,86,75,9,57,0,12,0,13,13,12,14,14,15,17,2,15,15,78,68,62,18,22,24,69,47,995,1054,877,1000,874,809,702,686,29974,29975,29977,29976,29975,29976,29976,29977,29978,29979,29979,29980,29987,29988,29988,29987,29997,29982,29986,29983,29995,29996,29996,29996,29996,29996,29997,29996,29997,29996]} 1. d4 c6 2. e3 d5 3. Nf3 Nf6 4. b3 Bf5 5. Bb2 e6 6. Bd3 {D04: Colle System.} Bxd3 7. Qxd3 Bd6 8. Qe2 {[#] The position is equal.} Qe7 $146 ({Predecessor:} 8... Nbd7 9. Nbd2 O-O 10. O-O Qc7 11. c4 Qb8 12. e4 dxe4 13. Nxe4 Nxe4 14. Qxe4 {0-1 (48) Scherbina,A-Kutsykh,M (2199) Evpatoria 2006}) 9. O-O Nbd7 10. Nbd2 Ba3 11. Bxa3 Qxa3 12. Ne5 O-O 13. f4 Qd6 14. c4 c5 15. Ndf3 cxd4 16. exd4 Ne4 17. Nd2 (17. c5 {seems wilder.} Qe7 18. b4 Rac8 19. Nd3 Ndf6 20. Rfc1) 17... Nxd2 18. Qxd2 Nxe5 ({Black should play} 18... dxc4 $11 19. Nxc4 Qd5) 19. fxe5 $14 Qc6 20. c5 $1 b6 21. b4 a5 {[#]} (21... Rab8 $142) 22. a3 (22. b5 $1 $16 {[%cal Rb5c6][%mdl 512]} Qxb5 23. Rab1) 22... axb4 23. axb4 bxc5 24. bxc5 Ra4 25. Rxa4 Qxa4 $16 {[%mdl 4096] Endgame KQR-KQR} 26. Qe3 (26. Qb2 $16) 26... h6 27. h4 Rb8 28. Rc1 Qb3 (28... Rb4 {is interesting.} 29. Qf2 Rxd4 30. c6 Rd1+ 31. Rxd1 Qxd1+ 32. Kh2 Qc1) 29. Qxb3 Rxb3 $11 {KR-KR} 30. Kf2 Kf8 31. Ra1 Rd3 32. Ra4 g5 33. h5 Rc3 (33... Rd2+ $11 34. Kf3 Ke8) 34. Ra8+ Kg7 35. Ra7 Rd3 36. Ra4 Rc3 37. Ke2 f6 $2 {[%mdl 8192] Loses the game.} (37... Rg3 $14) 38. Ra7+ $18 Kf8 39. exf6 Rc4 40. Ke3 Rc3+ 41. Kd2 Rg3 42. c6 {White mates.} Rxg2+ 43. Kd3 Rg3+ 44. Kc2 Rg2+ 45. Kb3 Rg3+ 46. Kb4 Rg1 47. Kc5 Rb1 48. Kd6 Rc1 49. c7 Kf7 50. Ra8 Kxf6 51. c8=Q {[%cal Rc8f8]} Kf5 52. Qxc1 Kg4 53. Qf1 Kxh5 54. Qf6 Kg4 55. Qxe6+ Kf4 56. Qxd5 {Accuracy: White = 77%, Black = 69%.} 1-0

[Event "Stay Safe Play From Home 341"]
[Site "Emanuel Lasker Arena"]
[Date "2020.07.29"]
[Round "3"]
[White "Buzaglo"]
[Black "SoulofWolf"]
[Result "0-1"]
[WhiteElo "1827"]
[BlackElo "2037"]
[Annotator "TA"]
[PlyCount "48"]
[EventDate "2020.07.29"]
[EventType "swiss (blitz)"]

{[%evp 9,48,-30,32,31,36,33,33,-58,-58,-64,-45,-63,-50,-34,-47,-32,-43,-100,-37,-81,-70,-119,-81,-117,264,-92,-52,-164,-130,-326,-149,-206,-108,-617,-608,-1139,-1114,-1725,-1716,-29992,-29993]} 1. d4 c5 2. Nf3 e6 3. g3 Nf6 4. d5 b6 5. Bg2 Bb7 (5... Nxd5 $11 6. c4 Ne7) 6. dxe6 {A46: 1 d4 Nf6 2 Nf3 e6: Torre, London and Colle Systems.} fxe6 7. O-O Be7 {[#]} 8. Ne5 $146 ({White should try} 8. c4 $14) ({Predecessor:} 8. c4 O-O 9. Nc3 Nc6 10. Bf4 Nh5 11. Bc1 Qc7 12. Nb5 Qd8 13. Nd6 Ba6 14. b3 Qc7 15. Nb5 Bxb5 16. cxb5 {1-0 (32) Navarro Ortiz de Orruno,B (2224)-Ceron Carrion,C (1966) Madrid 2008}) 8... Bxg2 $1 $15 9. Kxg2 O-O 10. c4 d5 11. cxd5 exd5 12. Nc3 Qc7 13. Nf3 (13. Bf4 $15) 13... Rd8 (13... d4 $17 14. Nb1 Nc6) 14. Qc2 d4 15. Nd1 Qc6 16. Kg1 Na6 $2 {[%mdl 8192] [#]} (16... Qd5 $17 {and life is bright.} 17. b3 Nc6) 17. a3 $2 (17. Qc4+ $18 Qd5 18. Qxa6) 17... Nc7 18. Bf4 ({Better is} 18. Qc4+ $15 Qe6 19. Qxe6+ Nxe6 20. b3) 18... Ne6 $36 {[%mdl 2048] Black is on the roll.} 19. Be5 $2 {[#]} (19. Re1 $17) 19... Ng4 (19... d3 $1 $19 {[%mdl 512] is more deadly.} 20. exd3 Qxf3) 20. b4 (20. a4 $17 {keeps fighting.}) 20... Rf8 (20... Qd5 $19 21. e4 dxe3 {[%mdl 64] Discovered Attack} 22. Nxe3 Qxf3) 21. bxc5 $2 {[%mdl 8192]} (21. Nxd4 $17 Nxd4 22. Bxd4) 21... Rxf3 {[%mdl 64] Remove Defender} 22. exf3 Nxe5 23. Qe4 Nxf3+ 24. Kg2 Qxe4 {Accuracy: White = 12%, Black = 50%.} 0-1